| 000 | 00694 a2200181 4500 | ||
|---|---|---|---|
| 003 | Nust | ||
| 005 | 20221006134701.0 | ||
| 010 | _a 83019613 | ||
| 020 | _a0070150729 (pbk.) : | ||
| 040 | _cNust | ||
| 082 | 0 | 0 | _a005.43,DAH |
| 100 | 1 | _aDahmke, Mark. | |
| 245 | 1 | 4 |
_aThe byte guide to CP/M-86 / _cMark Dahmke. |
| 260 |
_aNew York : _bMcGraw-Hill, _cc1984. |
||
| 300 |
_axiii, 254 p. : _bill. ; _c23 cm. |
||
| 505 | _aIntroduction: What Is CP/M-86? (Page-1), Building In Commands (Page-23), Transient Commands And Utilities (Page-29), Programmers Tools (Page-67), The BDOS And How To Use It (Page-99), The BIOS (Page-141), How To Customize The BIOS (Page-149). | ||
| 942 |
_2ddc _cBK _k005.43,DAH |
||
| 999 |
_c180548 _d180548 |
||